书目信息 |
| 题名: |
实变函数
|
|
| 作者: | 周性伟 著 | |
| 分册: | ||
| 出版信息: | 北京 科学出版社 1998 |
|
| 页数: | 176页 | |
| 开本: | 20cm | |
| 丛书名: | 南开大学数学教学丛书 | |
| 单 册: | ||
| 中图分类: | O174.1 | |
| 科图分类: | ||
| 主题词: | 实变函数 | |
| 电子资源: | ||
| ISBN: | 7-03-006625-1 | |
| 000 | 00581nam2 2200217 45 | |
| 001 | 0110301572 | |
| 005 | 20041207142145.6 | |
| 010 | @a7-03-006625-1@dCNY9.60 | |
| 100 | @a20011030d1998 km y0chiy0120 ea | |
| 101 | 0 | @achi |
| 105 | @a z 000yy | |
| 200 | 1 | @a实变函数@AShi Bian Han Shu@f周性伟著@FZhou Xing Wei Zhu |
| 210 | @a北京@c科学出版社@d1998 | |
| 215 | @a176页@d20cm | |
| 225 | @a南开大学数学教学丛书 | |
| 410 | @12001 @a南开大学数学教学丛书 | |
| 606 | 0 | @a实变函数 |
| 690 | @aO174.1@v4 | |
| 701 | @a周性伟@4著 | |
| 801 | @aCN@bTSTC@c20011030 | |
| 905 | @dO174.1@e107 | |
| 实变函数/周性伟著.-北京:科学出版社,1998 |
| 176页;20cm.-(南开大学数学教学丛书) |
| ISBN 7-03-006625-1:CNY9.60 |
| ● |
| 相关链接 |
|
|
|
|
正题名:实变函数
索取号:O174.1/107
 
预约/预借
| 序号 | 登录号 | 条形码 | 馆藏地/架位号 | 状态 | 备注 |
| 1 | 0300215 | 203002151 | 第三借阅区/ [索取号:O174.1/107] | 在馆 | |
| 2 | 0300216 | 203002160 | 第三借阅区/ [索取号:O174.1/107] | 在馆 | |
| 3 | 0300217 | 203002179 | 第三借阅区/ [索取号:O174.1/107] | 在馆 | |
| 4 | 0300218 | 203002188 | 第三借阅区/ [索取号:O174.1/107] | 在馆 | |
| 5 | 0300219 | 203002197 | 第二样本阅览室/ [索取号:O174.1/107] | 在馆 |